<?xml version="1.0" encoding="UTF-8"?>
<record
    xmlns:xsi="http://www.w3.org/2001/XMLSchema-instance"
    xsi:schemaLocation="http://www.loc.gov/MARC21/slim http://www.loc.gov/standards/marcxml/schema/MARC21slim.xsd"
    xmlns="http://www.loc.gov/MARC21/slim">

  <leader>03204njm a2200481Ia 4500</leader>
  <controlfield tag="001">A9834</controlfield>
  <controlfield tag="003">IT-RoPAU</controlfield>
  <controlfield tag="005">20220918181114.0</controlfield>
  <controlfield tag="008">131025s9999    xx            000 0 und d</controlfield>
  <datafield tag="040" ind1=" " ind2=" ">
    <subfield code="a">IT-RoPAU</subfield>
  </datafield>
  <datafield tag="040" ind1=" " ind2=" ">
    <subfield code="c">IT-RoPAU</subfield>
  </datafield>
  <datafield tag="041" ind1=" " ind2=" ">
    <subfield code="a">ITALIANO</subfield>
  </datafield>
  <datafield tag="999" ind1=" " ind2=" ">
    <subfield code="c">99253</subfield>
    <subfield code="d">99253</subfield>
  </datafield>
  <datafield tag="999" ind1=" " ind2=" ">
    <subfield code="b">n.d.</subfield>
  </datafield>
  <datafield tag="100" ind1=" " ind2=" ">
    <subfield code="a">AA.VV.</subfield>
    <subfield code="9">794</subfield>
  </datafield>
  <datafield tag="100" ind1=" " ind2=" ">
    <subfield code="e">Autore musica</subfield>
    <subfield code="9">28541</subfield>
  </datafield>
  <datafield tag="100" ind1=" " ind2=" ">
    <subfield code="g">Codice autore musica SPICS: 12000</subfield>
    <subfield code="9">796</subfield>
  </datafield>
  <datafield tag="245" ind1=" " ind2=" ">
    <subfield code="a">Italian Posse</subfield>
  </datafield>
  <datafield tag="250" ind1=" " ind2=" ">
    <subfield code="a">1a ed.</subfield>
  </datafield>
  <datafield tag="260" ind1=" " ind2=" ">
    <subfield code="a">ITALIA</subfield>
  </datafield>
  <datafield tag="260" ind1=" " ind2=" ">
    <subfield code="b">FLYING RECORDS - EXPANDED MUSIC</subfield>
    <subfield code="c">1992 [1a Ed.:1992 - Ed. Lingua Orig.: 1992]</subfield>
  </datafield>
  <datafield tag="300" ind1=" " ind2=" ">
    <subfield code="a">COMPACT DISC</subfield>
  </datafield>
  <datafield tag="300" ind1=" " ind2=" ">
    <subfield code="c">51 minuti (Testo: 0 pag.)</subfield>
  </datafield>
  <datafield tag="500" ind1=" " ind2=" ">
    <subfield code="a">Canzone di protesta. Canzone demenziale.</subfield>
  </datafield>
  <datafield tag="505" ind1=" " ind2=" ">
    <subfield code="a">Sud Sound System "Fuecu" (6:00) - Frankie Hi Nrg Mc "Fight Da Faida" (6:00) - Comitato "La casa &#xE8; un diritto" (4:00) - Possessione "Fratelli d'Italia" (P. Ossessionemix) (7:00) - Mau Mau "Soma la Macia" (6:00) - Persiana Jones e le tapparelle maledette "No More Virus" (6:00) - Ni&#xF9; Tennici "Affitta una Ferrari" (5:00) - La To-sse "Legala" (5:00) - 99 Posse "Salario garantito" (7:00) - Il generale "richiesta speciale per il generale" (3:00) - Strike "Cercando un senso" (6:00)</subfield>
  </datafield>
  <datafield tag="650" ind1=" " ind2=" ">
    <subfield code="a">DEMENZIALE [COMPACT DISC]</subfield>
    <subfield code="e">Codice MATERIA SPICS: 9949</subfield>
    <subfield code="9">28542</subfield>
  </datafield>
  <datafield tag="700" ind1=" " ind2=" ">
    <subfield code="a">Amata R.</subfield>
    <subfield code="d">Codice autore musica SPICS: 36825</subfield>
    <subfield code="e">Autore musica</subfield>
    <subfield code="p">Sud Sound System "Fuecu"</subfield>
    <subfield code="9">28543</subfield>
  </datafield>
  <datafield tag="700" ind1=" " ind2=" ">
    <subfield code="a">Brizzi A.</subfield>
    <subfield code="d">Codice autore musica SPICS: 36826</subfield>
    <subfield code="e">Autore musica</subfield>
    <subfield code="p">Frankie Hi Nrg Mc "Fight Da Faida"</subfield>
    <subfield code="9">28544</subfield>
  </datafield>
  <datafield tag="700" ind1=" " ind2=" ">
    <subfield code="a">Pizzo</subfield>
    <subfield code="d">Codice autore musica SPICS: 36827</subfield>
    <subfield code="e">Autore musica</subfield>
    <subfield code="p">Comitato "La casa &#xE8; un diritto"</subfield>
    <subfield code="9">28545</subfield>
  </datafield>
  <datafield tag="700" ind1=" " ind2=" ">
    <subfield code="a">Spiralman</subfield>
    <subfield code="d">Codice autore SPICS: 36828</subfield>
    <subfield code="e">Autore</subfield>
    <subfield code="p">Comitato "La casa &#xE8; un diritto"</subfield>
    <subfield code="9">28546</subfield>
  </datafield>
  <datafield tag="700" ind1=" " ind2=" ">
    <subfield code="a">Ouraba</subfield>
    <subfield code="d">Codice autore testo/musica SPICS: 36829</subfield>
    <subfield code="e">Autore testo/musica</subfield>
    <subfield code="p">Comitato "La casa &#xE8; un diritto"</subfield>
    <subfield code="9">28547</subfield>
  </datafield>
  <datafield tag="700" ind1=" " ind2=" ">
    <subfield code="a">Lucca F.</subfield>
    <subfield code="d">Codice autore musica SPICS: 36830</subfield>
    <subfield code="e">Autore musica</subfield>
    <subfield code="p">Possessione "Fratelli d'Italia"</subfield>
    <subfield code="9">28548</subfield>
  </datafield>
  <datafield tag="700" ind1=" " ind2=" ">
    <subfield code="a">Barovero</subfield>
    <subfield code="d">Codice autore musica SPICS: 36831</subfield>
    <subfield code="e">Autore musica</subfield>
    <subfield code="p">Mau Mau "Soma la Macia"</subfield>
    <subfield code="9">28549</subfield>
  </datafield>
  <datafield tag="700" ind1=" " ind2=" ">
    <subfield code="a">Caudullo</subfield>
    <subfield code="d">Codice autore musica SPICS: 36832</subfield>
    <subfield code="e">Autore musica</subfield>
    <subfield code="p">Mau Mau "Soma la Macia" - Persiana Jones e le tapparelle maledette "No More Virus" - La To-sse "Legala" </subfield>
    <subfield code="9">28550</subfield>
  </datafield>
  <datafield tag="700" ind1=" " ind2=" ">
    <subfield code="a">Morino</subfield>
    <subfield code="d">Codice autore testo/musica SPICS: 36833</subfield>
    <subfield code="e">Autore testo/musica</subfield>
    <subfield code="p">Mau Mau "Soma la Macia"</subfield>
    <subfield code="9">28551</subfield>
  </datafield>
  <datafield tag="700" ind1=" " ind2=" ">
    <subfield code="a">Scandolari</subfield>
    <subfield code="d">Codice autore musica SPICS: 36834</subfield>
    <subfield code="e">Autore musica</subfield>
    <subfield code="p">Ni&#xF9; Tennici "Affitta una Ferrari"</subfield>
    <subfield code="9">28552</subfield>
  </datafield>
  <datafield tag="700" ind1=" " ind2=" ">
    <subfield code="a">Bonino</subfield>
    <subfield code="d">Codice autore musica SPICS: 36835</subfield>
    <subfield code="e">Autore musica</subfield>
    <subfield code="p">La To-sse "Legala"</subfield>
    <subfield code="9">28553</subfield>
  </datafield>
  <datafield tag="700" ind1=" " ind2=" ">
    <subfield code="a">Tardio A.</subfield>
    <subfield code="d">Codice autore musica SPICS: 36836</subfield>
    <subfield code="e">Autore musica</subfield>
    <subfield code="p">99 Posse "Salario garantito"</subfield>
    <subfield code="9">28554</subfield>
  </datafield>
  <datafield tag="700" ind1=" " ind2=" ">
    <subfield code="a">Della Volpe Galvano</subfield>
    <subfield code="d">Codice autore SPICS: 7393</subfield>
    <subfield code="e">Autore musica</subfield>
    <subfield code="p">99 Posse "Salario garantito"</subfield>
    <subfield code="9">28555</subfield>
  </datafield>
  <datafield tag="700" ind1=" " ind2=" ">
    <subfield code="a">Lombardi Luca</subfield>
    <subfield code="d">Codice autore musica SPICS: 4542</subfield>
    <subfield code="e">Autore musica</subfield>
    <subfield code="p">Il generale "richiesta speciale (per il generale)"</subfield>
    <subfield code="9">28556</subfield>
  </datafield>
  <datafield tag="700" ind1=" " ind2=" ">
    <subfield code="a">Bettini Sergio</subfield>
    <subfield code="d">Codice autore SPICS: 9208</subfield>
    <subfield code="e">Autore</subfield>
    <subfield code="p">Il generale "richiesta speciale (per il generale)"</subfield>
    <subfield code="9">28557</subfield>
  </datafield>
  <datafield tag="700" ind1=" " ind2=" ">
    <subfield code="a">Dondi G.</subfield>
    <subfield code="d">Codice autore musica SPICS: 36837</subfield>
    <subfield code="e">Autore musica</subfield>
    <subfield code="p">Strike "Cercando un senso"</subfield>
    <subfield code="9">28558</subfield>
  </datafield>
  <datafield tag="942" ind1=" " ind2=" ">
    <subfield code="c">CD</subfield>
    <subfield code="2">ddc</subfield>
  </datafield>
  <datafield tag="952" ind1=" " ind2=" ">
    <subfield code="0">0</subfield>
    <subfield code="1">0</subfield>
    <subfield code="4">0</subfield>
    <subfield code="6">A_9834_000000000000000</subfield>
    <subfield code="7">1</subfield>
    <subfield code="a">SPICS</subfield>
    <subfield code="b">SPICS</subfield>
    <subfield code="d">2013-10-25</subfield>
    <subfield code="l">0</subfield>
    <subfield code="o">A9834</subfield>
    <subfield code="r">2013-10-25 00:00:00</subfield>
    <subfield code="w">2013-10-25</subfield>
    <subfield code="y">CD</subfield>
    <subfield code="z">Progr. Ins.: 435 / N.Vol.: 1 / Copie: 1 - Copia rara: n.d. / date import: 01.01.2014 - By Epidotti, Trombetti, Vaglietti</subfield>
  </datafield>
</record>
